| 000 | 01140nam a2200277 i 4500 | ||
|---|---|---|---|
| 001 | bg | ||
| 245 | 0 | 0 |
_aRozwój gospodarki wiejskiej : _bprzedsiębiorczość jako droga do restrukturyzacji wsi w Polsce : praca zbiorowa / _cpod red. Mieczysława Bąka ; Grupa Windsor, Instytut Badań nad Demokracją i Przedsiębiorstwem Prywatnym Krajowej Izby Gospodarczej. |
| 260 |
_aWarszawa : _b"Oficyna Naukowa", _c1995. |
||
| 300 |
_a90, [2] s. ; _c30 cm. |
||
| 650 | 9 |
_aEkonometria _xstosowanie _xrolnictwo _zPolska |
|
| 650 | 9 |
_aGospodarka terenowa _zPolska _yod 1989 r. |
|
| 650 | 9 |
_aGospodarka terenowa _zWłochy _yod 1989 r. |
|
| 650 | 9 |
_aRolnictwo _xpolityka _zPolska _yod 1989 r. |
|
| 650 | 9 |
_aWieś _xgospodarka _zPolska _yod 1989 r. |
|
| 650 | 9 |
_aWieś _xsocjologia _zPolska _yod 1989 r. |
|
| 700 | 1 |
_aBĄK, Mieczysław. _eRed. |
|
| 710 | 0 | _aInstytut Badań nad Demokracją i Przedsiębiorstwem Prywatnym | |
| 710 | 0 | _aGrupa Windsor | |
| 020 | _a8385505385 | ||
| 040 | _cBPK | ||
| 041 | 0 | _apl | |
| 080 | _a338.43:332.1:316.334.55](438)"1989/..." | ||
| 920 | _a83-85505-38-5 | ||
| 942 | _cKS | ||
| 008 | s pl f |000 0 pol | ||
| 999 |
_c36789 _d36789 |
||
| 856 |
_uhttp://koha.tu.koszalin.pl/cgi-bin/koha/opac-detail.pl?biblionumber=36789 _yKatalog online BPK |
||